Statistics for Countries that Beat South Korea

Click here to take the quiz!

General Stats

  • This quiz has been taken 2,382 times
    (1,908 since last reset)
  • The average score is 12 of 15

Answer Stats

RankCategoryCountries% Correct
3Geographically closest to BeijingMongolia | North Korea
99%
3Largest recipient of Chinese exportsUnited States | Japan
93%
8Most democratic country not in EuropeNew Zealand | Canada | Australia | Uruguay |
Mauritius | Costa Rica | Chile
88%
5Largest merchant navy in AsiaChina | Singapore | Cyprus | Japan
86%
3Biggest national capital by urban areaJapan | Indonesia | India | Philippines
83%
6Asian country with the most
economic freedom[2]
Singapore | Taiwan | Georgia |
United Arab Emirates | Malaysia
83%
6Highest percentage of irreligious population[3]Czech Republic | North Korea | Estonia | Japan | China
82%
4Highest HDI country in Asia
*HDI measures health, education, and income
Singapore | Japan | Israel
82%
3Most populous country fully conquered
by Japan during WW2
Philippines | Vietnam
80%
7Asian country with the highest % of ChristiansArmenia | East Timor | Philippines |
Georgia | Cyprus | Lebanon
79%
2Most olympic table tennis medalsChina
77%
4Biggest economy
*Excluding countries with a population >100 mil
(GDP, PPP, 2020)
Germany | United Kingdom | France
68%
2Least linguistic diversity[1]North Korea
68%
2 (t)Most FIFA World Cup appearances not
in Europe or South America
Mexico
51%
2Most overnight visitors to ChinaTaiwan
50%

Score Distribution

Percentile by Number Answered

Percent of People with Each Score

Your Score History

You have not taken this quiz since the last reset